| 000 | 01040cam a2200337 a 4500 | ||
|---|---|---|---|
| 999 |
_c841 _d841 |
||
| 001 | 000031270928 | ||
| 003 | CaOOAMICUS | ||
| 005 | 20210621095348.0 | ||
| 008 | 050601s2006 onca 001 0 eng | ||
| 016 | _a20059035560 | ||
| 020 | _a0070946515 (bound) : | ||
| 035 | _a(Sirsi) 9743104 | ||
| 040 |
_aCaOONL _beng _cCaOONL _dCaOONL |
||
| 050 |
_aHG4026 _b.F85 2006 |
||
| 055 | 0 | 1 | _aHG4026 |
| 055 | 3 |
_aHG4026 _bF85 2006 |
|
| 082 | 0 |
_a658.15 _222 |
|
| 090 | _a658.15 FUN | ||
| 245 | 0 | 0 |
_aFundamentals of corporate finance / _cRichard A. Brealey ... [and others]. |
| 250 | _aThird Canadian edition | ||
| 260 |
_aToronto : _bMcGraw-Hill Ryerson, _c2006. |
||
| 300 |
_axx, 828 pages : _billustrations ; _c29 cm. |
||
| 336 |
_atext _btxt _2rdacontent |
||
| 337 |
_aunmediated _bn _2rdamedia |
||
| 338 |
_avolume _bnc _2rdacarrier |
||
| 504 | _aIncludes bibliographical references and index. | ||
| 650 | 0 |
_aCorporations _xFinance _vTextbooks. |
|
| 700 | 1 | _aBrealey, Richard A. | |
| 942 |
_2lcc _cBK _nSO |
||
| 948 |
_a06/07/2006 _b03/10/2006 |
||